C lculo diferencial Matemáticas I / Ron Larson (Registro nro. 23789)

Detalles MARC
000 -LÍDER
fixed length control field 00480nam a2200157 4500
020 ## - NÚMERO INTERNACIONAL NORMALIZADO PARA LIBROS
ISBN 978-970-10-7289-9
050 ## - SIGNATURA TOPOGRAFICA DE LA BIBLIOTECA DEL CONGRESO (LC)
Número de Clasificación QA305 L3718 2009
082 ## - NUMERO DE CLASIFICACION DECIMAL DEWEY
Número de Clasificación 515.33 L134cd 2009
100 ## - ASIENTO PRINCIPAL--NOMBRE PERSONAL
Nombre personal Larson, Ron
245 ## - TÍTULO
Título C lculo diferencial Matemáticas I / Ron Larson
260 ## - PUBLICACIÓN, DISTRIBUCIÓN, ETC. (PIE DE IMPRENTA)
Lugar de publicación, distribución, etc. México: McGraw-Hill
300 ## - DESCRIPCIÓN FÍSICA
Extensión 357p. / 27 cm.
500 ## - NOTA GENERAL
Nota general Incluye ap‚ndice formulario al final
650 ## - ASIENTO SECUNDARIO DE MATERIA - TERMINO TEMÁTICO
Término temático o nombre geográfico como elemento de entrada 1. CÁLCULO DIFERENCIAL
700 ## - ASIENTO SECUNDARIO - NOMBRE PERSONAL
Nombre personal Hostetler, Robert P. coaut,\ Edwards, Bruce coaut.
Existencias
No. biblioteca No. biblioteca Número de clasificación Código de barras/Número de adquisición Número de copia Tipo de material
LUIS G. INCLAN LUIS G. INCLAN 515.33 L134cd 2009 49293 1 Libros
LUIS G. INCLAN LUIS G. INCLAN 515.33 L134cd 2009 49294 2 Libros
LUIS G. INCLAN LUIS G. INCLAN 515.33 L134cd 2009 49392 3 Libros
ÁREA DE BÁSICAS LUIS G. INCLAN 515.33 L134cd 2009 48474 8 Libros
ÁREA DE BÁSICAS LUIS G. INCLAN 515.33 L134cd 2009 52273 9 Libros
ÁREA DE BÁSICAS LUIS G. INCLAN 515.33 L134cd 2009 50016 4 Libros
ÁREA DE BÁSICAS LUIS G. INCLAN 515.33 L134cd 2009 50292 7 Libros
ÁREA DE BÁSICAS ÁREA DE BÁSICAS 515.33 L134cd 2009 50187 5 Libros
ÁREA DE BÁSICAS ÁREA DE BÁSICAS 515.33 L134cd 2009 50291 6 Libros
Calzada Tecnológico # 27, Zacatepec, Morelos.
01(734) 343-07-23 / 343-21-10 / 343-21-11
Apdo. Postal 45 C.P 62780